00685nam a22002297a 4500003000500000005001700005008004100022010001000063011001000073035001000083040000900093082001500102100003000117245005900147260002900206300001100235490005400246650004200300650003900342650002000381830005400401CHAP20220329134850.0971013s1971 r 00010 d a27141 a28113 a32215 cCHAP a575.1bE5300aElandt-Johnson, Regina C. aProbability models and statistical methods in genetics aNew York :bWiley,c1971 a592 p. aSeries in probability and mathematical statistics14aGenéticaxMétodos estadísticos.14aGenéticaxModelos matemáticos.14aProbabilidades.0 aSeries in probability and mathematical statistics